000 00742nam a22002537a 4500
003 INP
005 20260622100244.0
008 230823b 1957us ||||f |||| 000 0 eng d
040 _aEG-INP
_beng
_cEG-INP
082 _221
_a658.315
_bK . C
100 _aKerr, Clark
245 _aCollective Bargaining in Postwar Germany /
_cClark Kerr
260 _aNew Jersey
_bContemporary collective Bargaining
_c1957
300 _a39p
_bpaper
_c20cm
310 _a168-209
490 _aStudies in Labor and Industrialization
_v10
650 _2qmat
_a Industrial relations
_91710
650 _2qmat
_acollective bargaining
_zGermany
650 _2qmat
_apostwar
_94170
901 _aINP
902 _aegpv34
903 _acopycat
999 _c17914
_d17914